00371nam a2200157Ia 45000010006000000050017000060080041000230410008000640820015000721000024000872450049001112600009001603000028001696500008001976540008002051607220260306170242.0260306t2011||||xx |||||||||||||| ||und|| aESP a346.6bG74 aGordley, JameseAUT 4aThe philosophical origins of modern contract c2011 a263 páginas :c21 cm. aGEN aCDE